[Event "MCR senioru 2013 - 70"]
[Site "?"]
[Date "2013.08.19"]
[Round "1.9"]
[White "Petrzelka, Karel"]
[Black "Blazek, Jaroslav"]
[Result "0-1"]
[WhiteElo "1890"]
[BlackElo "1687"]
[PlyCount "102"]

1. d4 d5 2. c4 c6 3. cxd5 cxd5 4. Nc3 Nf6 5. Nf3 e6 6. g3 Nc6 7. Bg2 Be7 8. O-O
O-O 9. Re1 Bb4 10. Bg5 h6 11. Bxf6 Qxf6 12. a3 Ba5 13. b4 Bb6 14. e3 Bc7 15.
Rc1 Bd6 16. e4 dxe4 17. Nxe4 Qe7 18. b5 Na5 19. Qa4 Bc7 20. Qb4 Qd8 21. Rc2 Bb6
22. Nc5 Rb8 23. Rec1 f6 24. Re1 Re8 25. Rce2 Kf7 26. Nd2 Re7 27. Bh3 e5 28. Bg2
Bc7 29. Nc4 Nxc4 30. Qxc4+ Kf8 31. dxe5 Rxe5 32. Rxe5 Bxe5 33. Ne6+ Bxe6 34.
Qxe6 Qd6 35. Rxe5 Qxe5 36. Qc4 b6 37. Bc6 Rd8 38. Kg2 Qd6 39. Qe4 Qe5 40. Qh7
Kf7 41. Bf3 Qxb5 42. Be4 f5 43. Bxf5 Rd6 44. g4 Rf6 45. Qh8 Qe8 46. Qh7 Qg8 47.
Be6+ Rxe6 48. Qf5+ Rf6 49. Qd5+ Re6 50. Qd7+ Kf6 51. Qd4+ Ke7 0-1

[Event "MCR senioru 2013 - 70"]
[Site "?"]
[Date "2013.08.19"]
[Round "1.10"]
[White "Labik, Jaroslav"]
[Black "Prachar, Josef"]
[Result "0-1"]
[WhiteElo "1595"]
[BlackElo "1888"]
[PlyCount "86"]

1. c4 Nf6 2. Nc3 e6 3. d4 d5 4. Nf3 Be7 5. cxd5 exd5 6. Bf4 c6 7. e3 O-O 8. Bd3
Re8 9. O-O Nbd7 10. Qc2 Nf8 11. Rfe1 Nh5 12. Be5 f6 13. Bg3 Nxg3 14. hxg3 Be6
15. Nh4 Qd7 16. Na4 b6 17. Rac1 Rac8 18. Nf5 Bb4 19. Nc3 g6 20. Nh4 Kg7 21. a3
Bd6 22. b4 Qf7 23. Qd2 Nd7 24. Na4 b5 25. Nc5 Nb6 26. Nxe6+ Qxe6 27. Nf3 Nc4
28. Bxc4 bxc4 29. Qc2 Qd7 30. Nd2 Re7 31. Qb1 Qb7 32. Qc2 Qb5 33. Nb1 Qa6 34.
Qc3 Kf7 35. Nd2 Qa4 36. Qb2 Rb8 37. Qa1 a5 38. bxa5 Qxa5 39. Rc3 Ra7 40. Rb1
Rxb1+ 41. Nxb1 Rb7 42. Rc1 Rb3 43. Rc3 Rxb1+ 0-1

[Event "MCR senioru 2103 - 70"]
[Site "?"]
[Date "2013.08.19"]
[Round "1.11"]
[White "Folta, Jaroslav"]
[Black "Horak, Jaroslav"]
[Result "1-0"]
[WhiteElo "1877"]
[BlackElo "1590"]
[PlyCount "73"]

1. d4 Nf6 2. Nf3 e6 3. Bg5 c5 4. e3 Be7 5. c3 O-O 6. Bd3 b6 7. Qe2 d5 8. O-O c4
9. Bc2 b5 10. a3 a5 11. Nbd2 Nc6 12. Bxf6 Bxf6 13. e4 a4 14. Rae1 Be7 15. exd5
exd5 16. Ne5 Nxe5 17. Qxe5 Bd6 18. Qh5 g6 19. Qh6 f5 20. Nf3 Ra7 21. Re2 Qc7
22. Rfe1 Qg7 23. Qd2 h6 24. Ne5 g5 25. f4 Re7 26. Kh1 g4 27. Re3 h5 28. Qf2 Qh6
29. g3 Rh7 30. Kg1 Qf6 31. Qg2 Bb7 32. Kf2 Kh8 33. h3 h4 34. hxg4 hxg3+ 35.
Rxg3 Rh4 36. Rh1 Rxh1 37. Qxh1+ 1-0

[Event "MCR senioru 2013 - 70"]
[Site "?"]
[Date "2013.08.19"]
[Round "1.12"]
[White "Krys, Jaromir"]
[Black "Neubauer, Vilem"]
[Result "0-1"]
[WhiteElo "1575"]
[BlackElo "1873"]
[PlyCount "44"]

1. d4 g6 2. c4 Bg7 3. Nc3 d6 4. e4 f5 5. Nf3 Nf6 6. exf5 Bxf5 7. Bd3 Bxd3 8.
Qxd3 O-O 9. O-O Nfd7 10. Re1 Nc6 11. Bg5 a5 12. a3 Bf6 13. Ne4 Bg7 14. Re2 Qc8
15. Rd1 Rxf3 16. gxf3 Nxd4 17. Re3 Ne5 18. Qxd4 Nxf3+ 19. Rxf3 Bxd4 20. Rxd4 c5
21. Nxc5 Qxc5 22. Rdf4 Qxg5+ 0-1

[Event "MCR senioru 2013 - 70"]
[Site "?"]
[Date "2013.08.19"]
[Round "1.14"]
[White "Kuril, Rudolf"]
[Black "Reichmann, Pavel"]
[Result "1/2-1/2"]
[WhiteElo "1518"]
[BlackElo "1840"]
[PlyCount "49"]

1. d4 Nf6 2. c4 c5 3. Nf3 e6 4. Nc3 cxd4 5. Nxd4 Bc5 6. e3 O-O 7. Be2 Nc6 8.
Nxc6 dxc6 9. Qxd8 Rxd8 10. a3 e5 11. O-O Bf5 12. b4 Bb6 13. c5 Bc7 14. f3 Bd3
15. e4 h6 16. Be3 Bxe2 17. Nxe2 Rd3 18. Kf2 Rad8 19. Ng3 Rb3 20. Nf5 Rdd3 21.
Bc1 Kf8 22. Ke2 Rd8 23. Rd1 Rxd1 24. Kxd1 Rd3+ 25. Ke2 1/2-1/2

[Event "MCR senioru 2013 - 60"]
[Site "?"]
[Date "2013.08.20"]
[Round "4.1"]
[White "Mlynek, Petr"]
[Black "Vorobyov, Yrij"]
[Result "1/2-1/2"]
[WhiteElo "2192"]
[BlackElo "2235"]
[PlyCount "20"]

1. e4 e6 2. d4 d5 3. exd5 exd5 4. Nf3 Bd6 5. Bd3 Nf6 6. O-O O-O 7. Bg5 Bg4 8.
h3 Bh5 9. Nbd2 c6 10. c3 Nbd7 1/2-1/2

[Event "MCR senioru 2013 - 60"]
[Site "?"]
[Date "2013.08.20"]
[Round "4.2"]
[White "Most, Zdenek"]
[Black "Furman, Boris"]
[Result "1/2-1/2"]
[WhiteElo "2046"]
[BlackElo "2164"]
[PlyCount "22"]

1. d4 Nf6 2. Nf3 d5 3. g3 e6 4. Bg2 c5 5. O-O cxd4 6. Nxd4 Nc6 7. c4 Bc5 8. Nb3
Bb6 9. cxd5 exd5 10. Bg5 O-O 11. Nc3 Be6 1/2-1/2

[Event "MCR senioru 2013 - 60"]
[Site "?"]
[Date "2013.08.20"]
[Round "4.3"]
[White "Zboril, Jaroslav"]
[Black "Gasik, Piotr"]
[Result "0-1"]
[WhiteElo "1979"]
[BlackElo "2136"]
[PlyCount "50"]

1. d4 f5 2. Nc3 d5 3. e3 Nf6 4. Bd3 g6 5. Qf3 Bg7 6. Nge2 O-O 7. Nf4 c6 8. h4
Ng4 9. Bd2 e5 10. dxe5 Qe7 11. O-O-O Nd7 12. Ncxd5 cxd5 13. Nxd5 Qxe5 14. Bc3
Qb8 15. Ne7+ Kh8 16. h5 Nde5 17. hxg6 h6 18. Qd5 Qc7 19. Nxc8 Raxc8 20. f3 Rcd8
21. Qb5 a6 22. Ba5 Qc8 23. Qb3 Nxd3+ 24. Rxd3 Rxd3 25. Qxd3 Nf2 0-1

[Event "MCR senioru 2013 - 60"]
[Site "?"]
[Date "2013.08.20"]
[Round "4.4"]
[White "Novotny, Josef"]
[Black "Drabek, Miloslav"]
[Result "1/2-1/2"]
[WhiteElo "2129"]
[BlackElo "1990"]
[PlyCount "105"]

1. e3 Nf6 2. d3 e5 3. Nf3 d6 4. Nc3 Be7 5. g3 O-O 6. Bg2 c6 7. O-O h6 8. e4 Be6
9. h3 Nbd7 10. Nh4 d5 11. Kh2 dxe4 12. dxe4 Nb6 13. Qf3 Nfd7 14. Nf5 Bxf5 15.
exf5 Bg5 16. Bxg5 Qxg5 17. Ne4 Qe7 18. a4 Nf6 19. a5 Nc4 20. Qe2 Nxe4 21. Bxe4
Nd6 22. a6 Rab8 23. b3 b6 24. Bxc6 Nxf5 25. Rad1 Rfd8 26. Bd5 Qc7 27. Qe4 Nd4
28. Rd3 Qxc2 29. Rxd4 Qxe4 30. Bxf7+ Kxf7 31. Rxe4 Rd3 32. Rxe5 Rc8 33. Rfe1
Rc7 34. R1e3 Rxe3 35. Rxe3 Rc2 36. Rf3+ Ke6 37. b4 Ra2 38. b5 Rb2 39. Rf8 Rxb5
40. Ra8 Ra5 41. Rxa7 Kf6 42. Kg2 Ra3 43. h4 b5 44. f4 b4 45. g4 b3 46. Rb7 Rxa6
47. Rxb3 h5 48. g5+ Kf5 49. Kf3 Ra5 50. Re3 Rb5 51. Ra3 Rc5 52. Rb3 Ra5 53. Rc3
1/2-1/2

[Event "MCR senioru 2013 - 60"]
[Site "?"]
[Date "2013.08.20"]
[Round "4.5"]
[White "Juricek, Stanislav"]
[Black "Just, Pavel"]
[Result "1/2-1/2"]
[WhiteElo "2101"]
[BlackElo "1989"]
[PlyCount "41"]

1. e4 e5 2. Nf3 Nc6 3. Bb5 Nf6 4. Qe2 Bc5 5. d3 Qe7 6. O-O O-O 7. Be3 Bxe3 8.
fxe3 Nd8 9. Nc3 c6 10. Bc4 d6 11. Bb3 Ne8 12. d4 Kh8 13. a4 a5 14. Rad1 Be6 15.
Bc4 g6 16. Rf2 f6 17. Nd2 Nc7 18. Bxe6 Ndxe6 19. Nf3 Na6 20. Qe1 Nb4 21. Rfd2
1/2-1/2

[Event "MCR senioru 2013 - 60"]
[Site "?"]
[Date "2013.08.20"]
[Round "4.6"]
[White "Vlacil, Vladimir"]
[Black "Kotva, Milan"]
[Result "0-1"]
[WhiteElo "2058"]
[BlackElo "1970"]
[PlyCount "80"]

1. e4 e5 2. Nf3 Nc6 3. Bb5 a6 4. Ba4 Nf6 5. O-O b5 6. Bb3 Be7 7. Re1 O-O 8. d4
d6 9. c3 Bg4 10. Be3 exd4 11. cxd4 Na5 12. Bc2 Nc4 13. Bc1 c5 14. b3 Nb6 15.
dxc5 dxc5 16. Qxd8 Rfxd8 17. Ne5 Rac8 18. Nxg4 Nxg4 19. e5 c4 20. Bf5 Nxe5 21.
Bxc8 Nxc8 22. Nc3 Nd3 23. Rxe7 Nxe7 24. bxc4 Rc8 25. Bd2 Rxc4 26. Kf1 f6 27. g3
Kf7 28. Ke2 Ne5 29. f4 N5c6 30. Nd1 Nd5 31. Ne3 Nxe3 32. Kxe3 Ra4 33. Rc1 Ne7
34. Rc2 Nd5+ 35. Kd3 Kg6 36. Rc5 Nb6 37. g4 h6 38. g5 Nc4 39. f5+ Kh5 40. gxh6
gxh6 0-1

[Event "MCR senioru 2013 - 60"]
[Site "?"]
[Date "2013.08.20"]
[Round "4.7"]
[White "Uhmann, Jan"]
[Black "Sibl, Vaclav"]
[Result "1/2-1/2"]
[WhiteElo "2137"]
[BlackElo "1948"]
[PlyCount "95"]

1. d4 d6 2. c4 e5 3. d5 f5 4. Nc3 Nf6 5. Nf3 Be7 6. e3 O-O 7. Be2 Na6 8. O-O
Qe8 9. Nd2 Bd8 10. f3 Kh8 11. a3 Nc5 12. b4 Ncd7 13. Qc2 g6 14. Bb2 Kg8 15.
Rae1 a6 16. Nb3 b6 17. f4 Qf7 18. e4 fxe4 19. fxe5 Nxe5 20. Nd4 Qe8 21. Nxe4
Nxe4 22. Qxe4 Bf6 23. Qc2 Bd7 24. Kh1 Qe7 25. Nf3 Bf5 26. Qc1 Nxf3 27. Bxf3 Qg7
28. Bxf6 Rxf6 29. Re3 Raf8 30. Rfe1 R6f7 31. h3 Bxh3 32. Qc3 Qxc3 33. Rxc3 Bc8
34. c5 bxc5 35. bxc5 Kg7 36. cxd6 cxd6 37. Rc6 Rd8 38. Rb1 Rff8 39. Rbb6 Rf6
40. Kg1 h5 41. Be2 a5 42. Rb8 Rff8 43. Ra8 Bf5 44. Rxa5 Kf6 45. Bf3 Ke5 46. Ra7
Rfe8 47. Rc1 Kf6 48. Ra4 1/2-1/2

[Event "MCR senioru 2013 - 60"]
[Site "?"]
[Date "2013.08.20"]
[Round "4.8"]
[White "Truksa, Vaclav"]
[Black "Jablecnik, Gustav"]
[Result "1/2-1/2"]
[WhiteElo "1871"]
[BlackElo "2112"]
[PlyCount "41"]

1. d4 f5 2. Nf3 Nf6 3. g3 g6 4. Bg2 Bg7 5. O-O O-O 6. c4 d6 7. Nc3 Re8 8. Re1
Nbd7 9. e4 fxe4 10. Ng5 e5 11. d5 Nc5 12. Ncxe4 Ncxe4 13. Nxe4 Nxe4 14. Bxe4
Qf6 15. Be3 b6 16. b4 Bf5 17. Qd3 Bxe4 18. Qxe4 Qf5 19. f3 Bf8 20. a4 a5 21. b5
1/2-1/2

[Event "MCR senioru 2013 - 60"]
[Site "?"]
[Date "2013.08.20"]
[Round "4.9"]
[White "Dusbaba, Petr"]
[Black "Papan, Cyril"]
[Result "0-1"]
[WhiteElo "1831"]
[BlackElo "2034"]
[PlyCount "52"]
[EventDate "2013.??.??"]

1. e4 d6 2. d4 Nf6 3. Nc3 g6 4. Be2 Bg7 5. Be3 c6 6. Qd2 b5 7. a3 Bb7 8. Bh6
Bxh6 9. Qxh6 Qa5 10. b4 Qb6 11. Nf3 Nbd7 12. O-O O-O-O 13. h3 e5 14. d5 Nh5 15.
dxc6 Bxc6 16. Qe3 Nf4 17. Bd3 a6 18. a4 Qxe3 19. fxe3 Nxd3 20. cxd3 bxa4 21.
Nxa4 f6 22. Nd2 Rhf8 23. Rfc1 Kb7 24. Nc4 Bxa4 25. Nxd6+ Kb8 26. Rxa4 Nb6 0-1

[Event "MCR senioru 2013 - 60"]
[Site "?"]
[Date "2013.08.20"]
[Round "4.11"]
[White "Hlavac (Bleda Tvar), Frantisek"]
[Black "Perik, Alois"]
[Result "1-0"]
[WhiteElo "2011"]
[BlackElo "1847"]
[PlyCount "73"]
[EventDate "2013.??.??"]

1. e4 c6 2. d4 d5 3. exd5 cxd5 4. c3 Nf6 5. Bf4 Nc6 6. Nf3 Bg4 7. Qb3 Qc8 8.
Ne5 a6 9. Na3 e6 10. f3 Bf5 11. g4 Bg6 12. h4 h6 13. Nxg6 fxg6 14. Bd3 Kf7 15.
Qc2 Bxa3 16. Bxg6+ Kg8 17. bxa3 Ne7 18. h5 Qc6 19. Rc1 Rf8 20. Bg3 Ne8 21. O-O
Nd6 22. Bd3 Nc4 23. Qe2 Nxa3 24. Kg2 Nc4 25. Rfe1 Kf7 26. Bh4 Nb6 27. Qc2 Ke8
28. Re2 Na8 29. Rce1 Nc7 30. Bg3 Rf6 31. Be5 Rf7 32. Bg6 Nxg6 33. hxg6 Re7 34.
Bxc7 Qxc7 35. Rxe6 Rxe6 36. Rxe6+ Kd8 37. Re5 1-0

[Event "MCR senioru 2013 - 60"]
[Site "?"]
[Date "2013.08.20"]
[Round "4.12"]
[White "Chmelik, Jiri"]
[Black "Splitek, Lubos"]
[Result "1-0"]
[WhiteElo "2002"]
[BlackElo "1773"]
[PlyCount "87"]

1. d4 Nf6 2. c4 g6 3. Nc3 Bg7 4. e4 d6 5. f3 O-O 6. Be3 e5 7. d5 Nbd7 8. Qd2
Ne8 9. Bd3 Nc5 10. Bc2 a5 11. O-O-O f5 12. Nge2 Bd7 13. exf5 gxf5 14. h3 Nf6
15. g4 f4 16. Bxc5 dxc5 17. Ne4 Nxe4 18. Bxe4 b5 19. d6 Ra7 20. dxc7 Qxc7 21.
cxb5 Bxb5 22. Nc3 Bc6 23. Qd6 Rf6 24. Qxc7 Rxc7 25. Bxc6 Rfxc6 26. Ne4 Bf8 27.
Rd5 Rb6 28. Rh2 Bg7 29. Rxc5 Rxc5+ 30. Nxc5 Rc6 31. Rc2 Bf8 32. Nd7 Rxc2+ 33.
Kxc2 Bd6 34. Nf6+ Kf7 35. Ne4 Bc7 36. Kd3 Kg6 37. a3 h5 38. b4 hxg4 39. hxg4
axb4 40. axb4 Kf7 41. Kc4 Ke6 42. Kc5 Bb8 43. b5 Ba7+ 44. b6 1-0

[Event "MCR senioru 2013 - 60"]
[Site "?"]
[Date "2013.08.20"]
[Round "4.13"]
[White "Pavlis, Jaromir"]
[Black "Thonig, Manfred"]
[Result "1-0"]
[WhiteElo "1996"]
[BlackElo "1603"]
[PlyCount "53"]
[EventDate "2013.??.??"]

1. e4 d6 2. Nc3 Nf6 3. d4 g6 4. f4 Bg7 5. Nf3 Bg4 6. Be2 O-O 7. O-O c6 8. h3
Bxf3 9. Bxf3 Qb6 10. Kh1 Kh8 11. Ne2 Na6 12. c3 Rad8 13. Qb3 Qc7 14. Be3 Nd7
15. e5 dxe5 16. fxe5 e6 17. Ng3 h6 18. Be2 b5 19. a4 Rb8 20. axb5 c5 21. Rxa6
Nb6 22. Ne4 c4 23. Qa2 Rb7 24. Nd6 Nd5 25. Bg1 Rb6 26. Rxa7 Qd8 27. Nxf7+ 1-0

[Event "MCR senioru 2013 - 60"]
[Site "?"]
[Date "2013.08.20"]
[Round "4.14"]
[White "Tejkal, Jiri"]
[Black "Kolek, Josef"]
[Result "1-0"]
[WhiteElo "1953"]
[BlackElo "1864"]
[PlyCount "95"]
[EventDate "2013.??.??"]

1. d4 Nf6 2. Nf3 d5 3. c4 c6 4. Nc3 e6 5. e3 Be7 6. b3 Nbd7 7. Bd3 a6 8. O-O
O-O 9. Bb2 b5 10. e4 b4 11. e5 bxc3 12. exf6 cxb2 13. fxe7 Qxe7 14. Rb1 Qa3 15.
Qc2 Nf6 16. Qxb2 Qxb2 17. Rxb2 a5 18. Ne5 Bb7 19. c5 Rfd8 20. b4 Ne4 21. b5
cxb5 22. Bxb5 f6 23. Nd3 Nc3 24. a4 Ba6 25. Re1 Nxa4 26. Bxa4 Bxd3 27. Rxe6
Rab8 28. Reb6 Rbc8 29. Rb7 Ba6 30. R7b6 Bc4 31. f3 Kf7 32. Rb7+ Kg6 33. Rb1 Ba6
34. R7b6 Bd3 35. Rd1 Bc4 36. Re1 Rb8 37. Ree6 Bd3 38. Kf2 h5 39. h4 Bc4 40.
Rxb8 Rxb8 41. Rb6 Ra8 42. Ke3 Ra6 43. Be8+ Kh7 44. Rxa6 Bxa6 45. Bf7 g5 46. g3
Kh6 47. c6 Bb5 48. Be8 1-0

[Event "MCR senioru 2013 - 60"]
[Site "?"]
[Date "2013.08.20"]
[Round "4.15"]
[White "Bainhofner, Jiri"]
[Black "Rucka, Alois"]
[Result "0-1"]
[WhiteElo "1809"]
[BlackElo "1943"]
[PlyCount "70"]
[EventDate "2013.??.??"]
[SourceDate "2013.08.20"]

1. e4 c5 2. Nc3 e6 3. Bc4 Nc6 4. f4 g6 5. Nf3 Bg7 6. d3 Nge7 7. Bb3 O-O 8. O-O
d6 9. a3 Nd4 10. Ba2 Nec6 11. Ne2 Nxf3+ 12. Rxf3 b6 13. c3 d5 14. e5 Ba6 15.
Be3 d4 16. cxd4 cxd4 17. Bc1 Bb7 18. Rh3 Qd7 19. b4 Ne7 20. Qe1 Rad8 21. Ng3
Qc6 22. Ne4 Nd5 23. Qh4 h5 24. Bxd5 Qxd5 25. g4 f5 26. gxh5 fxe4 27. hxg6 Rfe8
28. dxe4 Qxe4 29. Kf2 Qg2+ 30. Ke1 Qxg6 31. Qf2 Qe4+ 32. Kd2 Rc8 33. Ra2 Rc7
34. Rg3 Rec8 35. Qg1 Rc2+ 0-1

[Event "MCR senioru 2013 - 60"]
[Site "?"]
[Date "2013.08.20"]
[Round "4.16"]
[White "Gunnarsson, Leif"]
[Black "Gasik, Jadwiga"]
[Result "1/2-1/2"]
[WhiteElo "1831"]
[BlackElo "1939"]
[PlyCount "92"]
[EventDate "2013.??.??"]

1. e4 c6 2. d4 d5 3. exd5 cxd5 4. c4 Nf6 5. Nc3 g6 6. Nf3 Bg7 7. Bf4 O-O 8. Be2
dxc4 9. Bxc4 Nc6 10. O-O Bg4 11. d5 Na5 12. Be2 Rc8 13. Rc1 a6 14. b3 Nd7 15.
Qd2 Re8 16. h3 Bxf3 17. Bxf3 Ne5 18. Be2 b5 19. Qe3 Nd7 20. Bg4 f5 21. Bf3 Qb6
22. Qd2 Ne5 23. Be2 Nb7 24. Be3 Qf6 25. Bg5 Qf8 26. Be3 Nd6 27. Rfd1 Nd7 28.
Bd4 Bh6 29. f4 Nf6 30. Be5 Nfe4 31. Nxe4 Nxe4 32. Qd4 Bg7 33. Qb6 Bxe5 34. fxe5
Nc3 35. Bf3 Nxd1 36. Rxd1 Qh6 37. d6 exd6 38. e6 Qf4 39. Bc6 Re7 40. Qxa6 Qe3+
41. Kh1 Rec7 42. Bf3 Rc1 43. Qxd6 Rxd1+ 44. Bxd1 f4 45. Qd7 Qe1+ 46. Kh2 Qg3+
1/2-1/2

[Event "MCR senioru 2013 - 60"]
[Site "?"]
[Date "2013.08.20"]
[Round "4.17"]
[White "Dolezal, Radoslav"]
[Black "Vesely, Emanuel"]
[Result "1-0"]
[WhiteElo "1927"]
[BlackElo "1867"]
[PlyCount "117"]

1. e4 e5 2. Nf3 Nc6 3. Bb5 a6 4. Ba4 Nf6 5. O-O Be7 6. Qe2 b5 7. Bb3 d6 8. h3
O-O 9. c3 Na5 10. Bc2 c5 11. d4 Qc7 12. d5 Bd7 13. b3 Nb7 14. Kh2 a5 15. Be3 b4
16. c4 a4 17. Nbd2 axb3 18. axb3 Ra5 19. Rxa5 Qxa5 20. g4 Ra8 21. Ne1 Qd8 22.
f4 exf4 23. Bxf4 Be8 24. e5 dxe5 25. Bxe5 Bd6 26. Bxd6 Qxd6+ 27. Kg2 g6 28.
Nef3 Kg7 29. Ne4 Nxe4 30. Bxe4 f6 31. Bc2 Bd7 32. Qd3 f5 33. gxf5 Bxf5 34. Qd1
Ra2 35. Rf2 Bxc2 36. Rxc2 Rxc2+ 37. Qxc2 Qf6 38. Qa2 Nd6 39. Qa7+ Kh6 40. Qxc5
Nf5 41. Qf2 Qc3 42. Qd2+ Kg7 43. Qxc3+ bxc3 44. Ne1 Ne3+ 45. Kf3 c2 46. Nd3 Nf5
47. b4 Kf6 48. b5 Nd6 49. b6 Nxc4 50. b7 Ne5+ 51. Nxe5 c1=Q 52. Ng4+ Kg5 53.
b8=Q Qh1+ 54. Kg3 Qe1+ 55. Nf2 Qe3+ 56. Kg2 Kh4 57. Qb4+ Kh5 58. Qg4+ Kh6 59.
d6 1-0

[Event "MCR senioru 2013 - 60"]
[Site "?"]
[Date "2013.08.20"]
[Round "4.18"]
[White "Innemann, Frantisek"]
[Black "Volek, Stanislav"]
[Result "1-0"]
[WhiteElo "1919"]
[BlackElo "1849"]
[PlyCount "119"]
[EventDate "2013.??.??"]

1. e4 e6 2. f4 d5 3. exd5 exd5 4. Nf3 c5 5. Bb5+ Bd7 6. Qe2+ Be7 7. Nc3 Nf6 8.
Ne5 O-O 9. Bxd7 Nbxd7 10. O-O d4 11. Ne4 Nxe4 12. Qxe4 Nxe5 13. fxe5 Rb8 14. d3
Bg5 15. Rf5 Bxc1 16. Rxc1 Qb6 17. b3 Qe6 18. Rcf1 b5 19. Rh5 h6 20. g4 Rb6 21.
Rhf5 Qc6 22. Qf4 Qe6 23. h4 Qg6 24. h5 Qe6 25. g5 hxg5 26. Rxg5 Qh6 27. Qg3 Re6
28. Rf4 Kh8 29. Rg6 Rxg6 30. hxg6 Kg8 31. gxf7+ Rxf7 32. Rxf7 Kxf7 33. Qf3+ Ke6
34. Qc6+ Kxe5 35. Qxc5+ Ke6 36. Qc6+ Ke7 37. Qe4+ Qe6 38. Qxd4 Qe1+ 39. Kg2
Qe2+ 40. Qf2 Qg4+ 41. Kf1 Qh3+ 42. Ke1 Qh1+ 43. Kd2 Qh6+ 44. Ke2 Qe6+ 45. Kd1
Qg4+ 46. Kc1 g5 47. Qxa7+ Ke6 48. Qb6+ Kf7 49. Qxb5 Qg1+ 50. Kb2 g4 51. Qd5+
Kf6 52. Qd6+ Kf5 53. Qd5+ Kf4 54. Qe4+ Kg3 55. d4 Kh2 56. d5 g3 57. Qh4+ Kg2
58. d6 Qd1 59. Qe4+ Kf2 60. Qd3 1-0

[Event "MCR senioru 2013 - 60"]
[Site "?"]
[Date "2013.08.20"]
[Round "4.19"]
[White "Havrlik, Pavel"]
[Black "Pittermann, Jan"]
[Result "1-0"]
[WhiteElo "1900"]
[BlackElo "1844"]
[PlyCount "143"]
[EventDate "2013.??.??"]

1. c4 Nf6 2. g3 g6 3. Bg2 Bg7 4. e4 e5 5. Ne2 O-O 6. O-O d6 7. Nbc3 c6 8. d4
Nbd7 9. h3 Qc7 10. Be3 Nb6 11. b3 Bd7 12. Rc1 Rad8 13. d5 Ne8 14. c5 Nc8 15. b4
a6 16. Qb3 Qb8 17. Na4 Kh8 18. cxd6 Nexd6 19. Nc5 Be8 20. a4 Ne7 21. Nc3 cxd5
22. Nxd5 Nxd5 23. Qxd5 Bc6 24. Qb3 Qa8 25. f3 b5 26. Ra1 bxa4 27. Nxa4 Bb5 28.
Rfc1 Rc8 29. Nc5 Rc6 30. Bf1 Bxf1 31. Rxf1 Nb5 32. Ra2 Qc8 33. Kg2 f5 34. exf5
Rxf5 35. Rd2 Nd4 36. Bxd4 exd4 37. Re2 a5 38. Rfe1 Rf8 39. Ne6 Rc3 40. Qd5 d3
41. Rd2 Re8 42. Ng5 Bf6 43. Rxe8+ Qxe8 44. Ne4 Rc2 45. Qxd3 Rxd2+ 46. Qxd2 Qd8
47. Qxd8+ Bxd8 48. bxa5 Bxa5 49. f4 Kg7 50. Kf3 h6 51. g4 Bc7 52. Nc5 Bb6 53.
Nd7 Bd8 54. Ke4 Kf7 55. f5 g5 56. Kd5 Ba5 57. Ne5+ Kf6 58. Nc6 Bc7 59. Nd4 Ba5
60. Kd6 Bc3 61. Nb5 Bb4+ 62. Kd7 Kf7 63. Nd6+ Bxd6 64. Kxd6 Kf6 65. Kd5 Ke7 66.
Ke5 Kf7 67. f6 Kf8 68. Ke6 Ke8 69. f7+ Kf8 70. Kf6 h5 71. Kg6 hxg4 72. hxg4 1-0

[Event "MCR senioru 2013 - 60"]
[Site "?"]
[Date "2013.08.20"]
[Round "4.20"]
[White "Zeman, Ladislav"]
[Black "Portych, Vaclav"]
[Result "1-0"]
[WhiteElo "1900"]
[BlackElo "1794"]
[PlyCount "43"]
[EventDate "2013.??.??"]

1. e4 c5 2. Nc3 Nc6 3. g3 g6 4. Bg2 Bg7 5. d3 e6 6. Nge2 a6 7. a4 Nge7 8. Be3
Nd4 9. Qd2 Nxe2 10. Qxe2 Qc7 11. Qd2 O-O 12. Bh6 d5 13. Bxg7 Kxg7 14. O-O d4
15. Ne2 e5 16. a5 Be6 17. b3 Nc6 18. f4 Rab8 19. f5 gxf5 20. exf5 Bd7 21. f6+
Kh8 22. Qh6 1-0

[Event "MCR senioru 2013 - 70"]
[Site "?"]
[Date "2013.08.20"]
[Round "2.1"]
[White "Neubauer, Vilem"]
[Black "Mesiarik, Rudolf"]
[Result "0-1"]
[WhiteElo "1873"]
[BlackElo "2179"]
[PlyCount "79"]

1. f4 e5 2. fxe5 d6 3. Nf3 dxe5 4. e4 Bg4 5. Bc4 Bh5 6. c3 c6 7. a4 Nd7 8. O-O
Ngf6 9. Qe2 Bc5+ 10. Kh1 a5 11. h3 Bg6 12. d3 Nh5 13. Kh2 Be7 14. d4 O-O 15. g4
Nhf6 16. dxe5 Nxe4 17. Bf4 Ndc5 18. Kg2 Ne6 19. Bh2 Rb8 20. Rd1 Qb6 21. h4 h6
22. h5 Bh7 23. Bd3 Rbd8 24. Na3 Bxa3 25. bxa3 N4c5 26. Bxh7+ Kxh7 27. Qc2+ Kg8
28. Rab1 Qc7 29. Nd4 Qe7 30. Nf3 Rxd1 31. Rxd1 Rd8 32. Rd6 Rf8 33. Qd1 Ne4 34.
Rd3 Qxa3 35. Qe1 Qxa4 36. Re3 N4g5 37. Bg3 Qxg4 38. Qh1 Rd8 39. Kf2 Nxf3 40.
Qxf3 0-1

[Event "MCR senioru 2013 - 70"]
[Site "?"]
[Date "2013.08.20"]
[Round "2.2"]
[White "Vitek, Vaclav"]
[Black "Folta, Jaroslav"]
[Result "1-0"]
[WhiteElo "2043"]
[BlackElo "1877"]
[PlyCount "79"]

1. e4 c6 2. Nc3 d5 3. Nf3 dxe4 4. Nxe4 Bf5 5. Ng3 Bg4 6. Bc4 e6 7. h3 Bxf3 8.
Qxf3 Nf6 9. O-O Nbd7 10. Re1 Be7 11. c3 Qa5 12. b4 Qc7 13. d4 Nb6 14. Bf4 Qd7
15. Bb3 Nfd5 16. Bd2 O-O 17. a3 Bf6 18. Ne4 Be7 19. Rad1 Nf6 20. Nc5 Bxc5 21.
dxc5 Nc8 22. Bf4 Qe8 23. Be5 Nd7 24. Bd4 Ne7 25. c4 Nf5 26. Bb2 Rd8 27. Bc2 Nh4
28. Bxh7+ Kxh7 29. Qh5+ Kg8 30. Qxh4 f6 31. Rd6 e5 32. Red1 Qe7 33. f4 b6 34.
cxb6 Nxb6 35. fxe5 Rxd6 36. Rxd6 g5 37. Qe4 Kh8 38. c5 Nd7 39. e6 Nb8 40. Qf5
1-0

[Event "MCR senioru 2013 - 70"]
[Site "?"]
[Date "2013.08.20"]
[Round "2.3"]
[White "Kosek, Lubomir"]
[Black "JaCek, Miloslav"]
[Result "0-1"]
[WhiteElo "1784"]
[BlackElo "2030"]
[PlyCount "134"]

1. e4 d5 2. exd5 Nf6 3. Bc4 Nxd5 4. Qf3 Nf6 5. Qb3 e6 6. Nf3 Be7 7. d4 O-O 8.
Be3 Nc6 9. Nbd2 Na5 10. Qd3 Nxc4 11. Qxc4 b6 12. Ne5 Bb7 13. Nc6 Qd7 14. Nxe7+
Qxe7 15. Rg1 Nd5 16. O-O-O c5 17. Kb1 Rac8 18. a3 Rfd8 19. dxc5 Nxe3 20. fxe3
Rxc5 21. Qe2 Qc7 22. Nb3 Rcd5 23. Rxd5 Rxd5 24. Rd1 Qxh2 25. Nd4 h6 26. Rf1 Rd7
27. Rf2 Qe5 28. g4 Be4 29. Nf3 Qd5 30. Nd2 Bg6 31. Kc1 Rc7 32. e4 Qc6 33. Qd3
Rd7 34. Qe3 e5 35. Re2 f6 36. Nf3 Qe6 37. Qb3 Qxb3 38. cxb3 Rd3 39. Nh4 Kf7 40.
Nf5 Bxf5 41. gxf5 h5 42. Kc2 Rd4 43. Rh2 g6 44. Rh4 Kg7 45. Rh3 Kh6 46. Rc3 Rd7
47. fxg6 Kxg6 48. Rg3+ Kh6 49. Rf3 Kg5 50. Rf5+ Kg6 51. Rf2 h4 52. Rg2+ Kh5 53.
Rf2 Rd6 54. Rg2 h3 55. Rg8 Kh4 56. b4 h2 57. b5 Kh3 58. Rh8+ Kg2 59. Rg8+ Kh1
60. Rg6 Rd4 61. Rxf6 Rxe4 62. Kd3 Rf4 63. Rg6 Rf2 64. Ke3 Rg2 65. Rc6 Rxb2 66.
a4 Kg1 67. Rg6+ Rg2 0-1

[Event "MCR senioru 2013 - 70"]
[Site "?"]
[Date "2013.08.20"]
[Round "2.4"]
[White "Blazek, Jaroslav"]
[Black "Laszkiewicz, Jerzy"]
[Result "1/2-1/2"]
[WhiteElo "1687"]
[BlackElo "1971"]
[PlyCount "51"]

1. e4 c5 2. Ne2 Nc6 3. g3 Nf6 4. Bg2 g6 5. c3 d5 6. exd5 Nxd5 7. d4 cxd4 8.
Nxd4 Nxd4 9. Qxd4 Nf6 10. Qxd8+ Kxd8 11. Nd2 Bh6 12. Nb3 Bxc1 13. Rxc1 Kc7 14.
Rd1 Bd7 15. Rd2 Rad8 16. Nc5 Bc6 17. Bxc6 Kxc6 18. Nb3 b6 19. f3 a6 20. Rxd8
Rxd8 21. Ke2 Ne8 22. Rd1 Rxd1 23. Kxd1 Nd6 24. Nd2 e5 25. Ke2 f5 26. Kd3
1/2-1/2

[Event "MCR senioru 2013 - 70"]
[Site "?"]
[Date "2013.08.20"]
[Round "2.5"]
[White "Macura, Emil"]
[Black "Jedlicka, Eduard"]
[Result "1-0"]
[WhiteElo "1944"]
[BlackElo "1710"]
[PlyCount "77"]

1. d4 d5 2. Nf3 Nf6 3. Nbd2 g6 4. e3 Bg7 5. c4 O-O 6. Bd3 b6 7. Ne5 Bb7 8. O-O
Nbd7 9. f4 e6 10. b3 Re8 11. Bb2 Ne4 12. cxd5 Nxd2 13. Qxd2 Bxd5 14. Bb5 Bxe5
15. fxe5 a6 16. Bd3 f5 17. exf6 Nxf6 18. Qe2 Bb7 19. e4 Rf8 20. a4 Kg7 21. Qe3
Qe8 22. Qg3 Rf7 23. Qe5 Qe7 24. Rac1 Qd6 25. Rxf6 Qxe5 26. Rxf7+ Kxf7 27. dxe5
c5 28. Kf2 Rd8 29. Ke3 g5 30. Bc4 a5 31. Rf1+ Ke7 32. Rf6 Bc8 33. Rh6 Rh8 34.
Kf3 Rf8+ 35. Ke2 Rf7 36. Bc1 Rg7 37. Rh5 g4 38. Bg5+ Kf7 39. Bf6 1-0